|
|
|
|
| LEADER |
00000cam a2200000 c 4500 |
| 001 |
1080072144 |
| 003 |
DE-627 |
| 005 |
20260206194510.0 |
| 007 |
tu |
| 008 |
850101s1984 sz ||||| 00| ||ger c |
| 015 |
|
|
|a 87,B11,0315
|2 dnb
|
| 016 |
7 |
|
|a 870286366
|2 DE-101
|
| 020 |
|
|
|a 390798806X
|9 3-907988-06-X
|
| 020 |
|
|
|z 3907988065
|
| 035 |
|
|
|a (DE-627)1080072144
|
| 035 |
|
|
|a (DE-603)004882164
|
| 035 |
|
|
|a (DE-576)010072144
|
| 035 |
|
|
|a (DE-599)BSZ010072144
|
| 035 |
|
|
|a (OCoLC)610767354
|
| 035 |
|
|
|a (OCoLC)67427029
|
| 035 |
|
|
|a (OCoLC)612684650
|
| 035 |
|
|
|a (DE-604)800411339x
|
| 040 |
|
|
|a DE-627
|b ger
|c DE-627
|e rakwb
|
| 041 |
|
|
|a ger
|
| 044 |
|
|
|c XA-CH
|
| 084 |
|
|
|a 22
|2 sdnb
|
| 084 |
|
|
|a DT 1000
|2 rvk
|0 (DE-625)rvk/19974:761
|
| 245 |
0 |
0 |
|a Zum Verhältnis von Pädagogik und Sonderpädagogik
|b Referate der 20. Arbeitstagung der Dozenten für Sonderpädagogik in deutschsprachigen Ländern in Basel
|c Arbeitstagung der Dozenten für Sonderpädagogik in Deutschsprachigen Ländern. Emil E. Kobi ... (Hrsg.)
|
| 264 |
|
1 |
|a Luzern
|b Verl. d. Schweizer. Zentralstelle für Heilpädagogik
|c 1984
|
| 300 |
|
|
|a 280 S.
|b graph. Darst.
|
| 336 |
|
|
|a Text
|b txt
|2 rdacontent
|
| 337 |
|
|
|a ohne Hilfsmittel zu benutzen
|b n
|2 rdamedia
|
| 338 |
|
|
|a Band
|b nc
|2 rdacarrier
|
| 500 |
|
|
|a Literaturangaben
|
| 583 |
1 |
|
|a Archivierung prüfen
|c 20240324
|f DE-4165
|z 2
|2 pdager
|
| 655 |
|
7 |
|a Konferenzschrift
|y 1984
|z Basel
|0 (DE-588)1071861417
|0 (DE-627)826484824
|0 (DE-576)433375485
|2 gnd-content
|
| 689 |
0 |
0 |
|d s
|0 (DE-588)4077513-6
|0 (DE-627)104598379
|0 (DE-576)209205466
|a Sonderpädagogik
|2 gnd
|
| 689 |
0 |
1 |
|d s
|0 (DE-588)4044302-4
|0 (DE-627)106206168
|0 (DE-576)209060174
|a Pädagogik
|2 gnd
|
| 689 |
0 |
|
|5 (DE-627)
|
| 689 |
1 |
0 |
|d s
|0 (DE-588)4044302-4
|0 (DE-627)106206168
|0 (DE-576)209060174
|a Pädagogik
|2 gnd
|
| 689 |
1 |
1 |
|d s
|0 (DE-588)4077513-6
|0 (DE-627)104598379
|0 (DE-576)209205466
|a Sonderpädagogik
|2 gnd
|
| 689 |
1 |
|
|5 (DE-627)
|
| 689 |
2 |
0 |
|d s
|0 (DE-588)4077513-6
|0 (DE-627)104598379
|0 (DE-576)209205466
|a Sonderpädagogik
|2 gnd
|
| 689 |
2 |
1 |
|d s
|0 (DE-588)4044302-4
|0 (DE-627)106206168
|0 (DE-576)209060174
|a Pädagogik
|2 gnd
|
| 689 |
2 |
|
|5 (DE-627)
|
| 700 |
1 |
|
|a Kobi, Emil E.
|d 1935-2011
|e Hrsg.
|0 (DE-588)121416879
|0 (DE-627)081292929
|0 (DE-576)161760813
|4 edt
|
| 700 |
1 |
|
|a Bürli, Alois
|4 oth
|
| 700 |
1 |
|
|a Broch, Erwin
|4 oth
|
| 711 |
2 |
|
|a Arbeitstagung der Dozenten für Sonderpädagogik in Deutschsprachigen Ländern
|n 20
|d 1984
|c Basel
|0 (DE-588)2090055-7
|0 (DE-627)100394469
|0 (DE-576)19264808X
|4 oth
|
| 856 |
4 |
2 |
|u https://swbplus.bsz-bw.de/bsz010072144inh.htm
|m B:DE-576;DE-352
|q application/pdf
|v 20090731145645
|x Verlag
|3 Inhaltsverzeichnis
|7 1
|
| 856 |
4 |
2 |
|u http://scans.hebis.de/HEBCGI/show.pl?00488216_toc.pdf
|m V:DE-576;B:DE-352
|q application/pdf
|3 Inhaltsverzeichnis
|7 1
|
| 889 |
|
|
|w (DE-627)163786747
|
| 935 |
|
|
|i mdedup
|
| 935 |
|
|
|h HEB
|i 0501
|
| 935 |
|
|
|h HEB
|i 0503
|
| 936 |
r |
v |
|a DT 1000
|b Allgemeines und Deutschland
|k Pädagogik
|k Heilpädagogik, Sonderpädagogik
|k Allgemeine einführende Werke, Handbücher, Lexika
|k Allgemeines und Deutschland
|0 (DE-627)1270710095
|0 (DE-625)rvk/19974:761
|0 (DE-576)200710095
|
| 936 |
s |
n |
|a d100
|2 mzub
|
| 951 |
|
|
|a BO
|
| ELC |
|
|
|b 1
|
| LOK |
|
|
|0 000 xxxxxcx a22 zn 4500
|
| LOK |
|
|
|0 001 283209693X
|
| LOK |
|
|
|0 003 DE-627
|
| LOK |
|
|
|0 004 1080072144
|
| LOK |
|
|
|0 005 20150204123900
|
| LOK |
|
|
|0 008 150204||||||||||||||||ger|||||||
|
| LOK |
|
|
|0 040
|a DE-21-110
|c DE-627
|d DE-21-110
|
| LOK |
|
|
|0 689
|a s
|a Sonderpädagogik
|
| LOK |
|
|
|0 852
|z Kein Bestand am IfK; Nachweis für KrimDok
|
| LOK |
|
|
|0 852
|a DE-21-110
|
| LOK |
|
|
|0 852 1
|m v
|9 00
|
| LOK |
|
|
|0 935
|a k110
|
| LOK |
|
|
|0 938
|k v
|
| LOK |
|
|
|0 939
|a 04-02-15
|b l01
|
| ORI |
|
|
|a SA-MARC-krimdoka001.raw
|
| TIM |
|
|
|a 100019840101_100019841231
|b 1984 - 1984
|